| 000 | 005070000a22001690004500 | ||
|---|---|---|---|
| 041 | 0 | _aSPA | |
| 082 | 0 | 4 | _aG 268.44 L219a |
| 100 | 1 | _aLambdin, Ina S. de (1894-) | |
| 245 | 1 | 0 | _aEl arte de enseñar a los intermedios / Ina S. Lambdin ; Emma Z. de Villaseñor, Traductor |
| 260 | _aEl Paso, TX., USA : Casa Bautista de Publicaciones | ||
| 300 | _a192 Pag | ||
| 001 | 7946 | ||
| 942 | _cBK | ||
| 999 |
_c38146 _d38146 |
||
| 336 |
_atexto _btxt _2rdacontent |
||
| 337 |
_2rdamedia _asin mediación _bn |
||
| 338 |
_2rdacarrier _avolumen _bnc |
||